000 00765cam a2200205 a 4500
001 000003402
005 20200929150429.0
008 810918s1997 ec b 000 pbspa
040 _aDO-SdBNP
_bspa
_cBNPHU
082 _aE861.44
_bD988tzC, 1997.
100 1 _aCrespo, María Rosa.
_910605
245 1 0 _aTras las huellas de César Dávila Andrade /
_cMaría Rosa Crespo.
250 _a2a ed.
260 _aQuito, Ecuador :
_bCasa de la Cultura Ecuatoriana. Benjamín Carrión,
_c1997.
300 _a187 p. ;
_c20 cm.
600 1 0 _aDÁVILA ANDRADE, CÉSAR
_xCRÍTICA E INTERPRETACIÓN.
_910606
650 4 _aPoesía ecuatoriana
_xHistoria y crítica
_910607
650 4 _aLiteratura ecuatoriana
_xHistoria y crítica
_93931
650 4 _aLiteratura latinoaméricana
_94717
999 _c3232
_d3232